Códices de la Capilla Sixtina (Registro nro. 96667)

Detalles MARC
000 -LEADER
campo de control de longitud fija 02037nam a2200457 i 4500
001 - NÚMERO DE CONTROL
campo de control MOR01000096993
003 - IDENTIFICADOR DE NÚMERO DE CONTROL
campo de control $$amxdfmo
005 - FECHA Y HORA DE LA ÚLTIMA TRANSACCIÓN
campo de control 20260331145954.0
007 - CAMPO FIJO DE DESCRIPCIÓN FÍSICA--INFORMACIÓN GENERAL
campo de control de longitud fija ta
008 - DATOS DE LONGITUD FIJA--INFORMACIÓN GENERAL
campo de control de longitud fija 130508s2011 sp f g bi 001 0 spa d
020 ## - NÚMERO INTERNACIONAL ESTÁNDAR DEL LIBRO
Número Internacional Estándar del Libro 9788493677688
035 ## - NÚMERO DE CONTROL DEL SISTEMA
Número de control de sistema 131058
040 ## - FUENTE DE CATALOGACIÓN
Centro catalogador/agencia de origen mxcmmo
Lengua de catalogación spa
Normas de descripción rda
Centro/agencia transcriptor mxcmmo
041 0# - CÓDIGO DE IDIOMA
Código de lengua del texto/banda sonora o título independiente spa
082 04 - NÚMERO DE LA CLASIFICACIÓN DECIMAL DEWEY
Número de clasificación 091
Número de ítem EXP.c
111 2# - ENTRADA PRINCIPAL--NOMBRE DE CONGRESO/REUNIÓN
Nombre de congreso/reunión o jurisdicción como elemento de entrada Exposición Códices de la Capilla Sixtina : Manuscritos Miniados en Colecciones Españolas
Fecha del congreso o de la firma del tratado (2010-2011 :
Sede del congreso/Lugar de la reunión Madrid, España
9 (RLIN) 169211
245 10 - MENCIÓN DEL TÍTULO
Título Códices de la Capilla Sixtina
Resto del título : manuscritos miniados en colecciones españolas/
Mención de responsabilidad, etc. Elena De Laurentiis, Emilia Anna Talamo ; edición de la exposición a cargo de Elena De Laurentiis ; traducción Nieves Panadero Peropadre
264 #1 - PRODUCCIÓN, PUBLICACIÓN, DISTRIBUCIÓN, FABRICACIÓN Y COPYRIGHT
Producción, publicación, distribución, fabricación y copyright Madrid:
Nombre del de productor, editor, distribuidor, fabricante Biblioteca Nacional de España:
-- Centro de Estudios Europa Hispánica,
Fecha de producción, publicación, distribución, fabricación o copyright 2010
300 ## - DESCRIPCIÓN FÍSICA
Extensión xli, 446 páginas:
Otras características físicas láminas color;
Dimensiones 31 cm
336 ## - TIPO DE CONTENIDO
Término de tipo de contenido texto
Código de tipo de contenido txt
Fuente rdacontent
337 ## - TIPO DE MEDIO
Nombre/término del tipo de medio sin medio
Código del tipo de medio n
Fuente rdamedia
338 ## - TIPO DE SOPORTE
Nombre/término del tipo de soporte volumen
Código del tipo de soporte nc
Fuente rdacarrier
500 ## - NOTA GENERAL
Nota general Exposición llevada a cabo en Madrid, del 19 de octubre de 2010 al 9 de enero de 2011
500 ## - NOTA GENERAL
Nota general Incluye referencias bibliográficas (páginas 389-415) e índice
650 #7 - PUNTO DE ACCESO ADICIONAL DE MATERIA--TÉRMINO DE MATERIA
Término de materia o nombre geográfico como elemento de entrada Iluminación de libros y manuscritos medievales
9 (RLIN) 169212
650 #7 - PUNTO DE ACCESO ADICIONAL DE MATERIA--TÉRMINO DE MATERIA
Término de materia o nombre geográfico como elemento de entrada Liturgia
Subdivisión general Iglesia Católica
-- Manuscritos
-- Exposiciones
9 (RLIN) 169213
650 #7 - PUNTO DE ACCESO ADICIONAL DE MATERIA--TÉRMINO DE MATERIA
Término de materia o nombre geográfico como elemento de entrada Manuscritos
Subdivisión geográfica España
Subdivisión general Catálogos
9 (RLIN) 104177
700 1# - ENTRADA AGREGADA--NOMBRE PERSONAL
Nombre de persona Laurentiis, Elena De
Término indicativo de función/relación coordinador
9 (RLIN) 169214
700 1# - ENTRADA AGREGADA--NOMBRE PERSONAL
Nombre de persona Talamo, Emilia Anna
Término indicativo de función/relación autor
9 (RLIN) 169215
710 2# - ENTRADA AGREGADA--NOMBRE DE ENTIDAD CORPORATIVA
Nombre de entidad corporativa o nombre de jurisdicción como elemento de entrada Biblioteca Nacional (España)
9 (RLIN) 7980
710 2# - ENTRADA AGREGADA--NOMBRE DE ENTIDAD CORPORATIVA
Nombre de entidad corporativa o nombre de jurisdicción como elemento de entrada Centro de Estudios Europa Hispánica (Madrid, España)
9 (RLIN) 151528
900 ## - ELEMENTOS DE DATOS A LOCAL, LDA (RLIN)
Nombre de persona CATY
Numeración 30
Títulos y otros términos asociados al nombre 20130514
Lenguaje de la obra MOR01
-- 1408
900 ## - ELEMENTOS DE DATOS A LOCAL, LDA (RLIN)
Nombre de persona CATY
Numeración 30
Títulos y otros términos asociados al nombre 20130514
Lenguaje de la obra MOR01
-- 1409
900 ## - ELEMENTOS DE DATOS A LOCAL, LDA (RLIN)
Nombre de persona KLAS
Numeración 30
Títulos y otros términos asociados al nombre 20130520
Lenguaje de la obra MOR01
-- 1325
900 ## - ELEMENTOS DE DATOS A LOCAL, LDA (RLIN)
Nombre de persona KLAS
Numeración 30
Títulos y otros términos asociados al nombre 20130520
Lenguaje de la obra MOR01
-- 1326
900 ## - ELEMENTOS DE DATOS A LOCAL, LDA (RLIN)
Nombre de persona LUIS
Numeración 02
Títulos y otros términos asociados al nombre 20130508
Lenguaje de la obra MOR01
-- 1019
900 ## - ELEMENTOS DE DATOS A LOCAL, LDA (RLIN)
Nombre de persona LUIS
Numeración 02
Títulos y otros términos asociados al nombre 20130508
Lenguaje de la obra MOR01
-- 1019
900 ## - ELEMENTOS DE DATOS A LOCAL, LDA (RLIN)
Nombre de persona VOBO
Numeración 40
Títulos y otros términos asociados al nombre 20130521
Lenguaje de la obra MOR01
-- 1058
904 ## - ELEMENTOS DE DATOS D LOCAL, LDD (RLIN)
a UPDATE
942 ## - ELEMENTOS DE ENTRADA SECUNDARIOS (KOHA)
Código de la institución [OBSOLETO] BK
901 ## - ELEMENTOS DE DATOS A LOCAL LDA (RLIN)
a batch batch
Existencias
Estatus retirado Estado de pérdida Fuente del sistema de clasificación o colocación Estado de daño No para préstamo Colección Biblioteca de origen Biblioteca actual Ubicación en estantería Fecha de adquisición Fuente de adquisición Número de inventario Total de préstamos Signatura topográfica completa Código de barras Visto por última vez Precio de reemplazo Tipo de ítem Koha
    Clasificación Decimal Dewey     Formato Grande Biblioteca Instituto Mora Biblioteca Instituto Mora Regular 14/05/2013   123695   (L)/091 EXP.c 33068001286523 03/09/2024 03/09/2024 Libro préstamo regular